[Event "ODJM B 2025"]
[Site "Willingen GER"]
[Date "2025.06.11"]
[Round "6"]
[White "Briese, Paul"]
[Black "Borukhson, Benjamin Joel"]
[Result "0-1"]
[Termination "normal"]
[Board "3"]
[WhiteElo "1665"]
[BlackElo "1717"]
[WhiteClock "00:32:17"]
[BlackClock "00:15:45"]
[PlyCount "108"]
[WhiteFideId "16273826"]
[BlackFideId "34612920"]
[EventCountry "GER"]
[EventRounds "9"]
[EventType "swiss"]
[EventDate "2025.06.07"]

1. e4 {[%clk 01:30:59]} {[%emt 02:55:52]} Nc6 {[%clk 01:30:44]} {[%emt
00:00:16]} 2. d4 {[%clk 01:31:18]} {[%emt 00:00:11]} d5 {[%clk 01:31:10]}
{[%emt 00:00:04]} 3. exd5 {[%clk 01:31:31]} {[%emt 00:00:17]} Qxd5 {[%clk
01:31:36]} {[%emt 00:00:04]} 4. Nf3 {[%clk 01:31:50]} {[%emt 00:00:11]} e5
{[%clk 01:31:59]} {[%emt 00:00:07]} 5. Nc3 {[%clk 01:23:28]} {[%emt 00:08:53]}
Bb4 {[%clk 01:32:06]} {[%emt 00:00:23]} 6. Bd2 {[%clk 01:21:19]} {[%emt
00:02:38]} Bxc3 {[%clk 01:32:24]} {[%emt 00:00:12]} 7. Bxc3 {[%clk 01:15:25]}
{[%emt 00:06:25]} e4 {[%clk 01:32:32]} {[%emt 00:00:21]} 8. Ne5 {[%clk
01:14:36]} {[%emt 00:01:19]} Nxe5 {[%clk 01:32:51]} {[%emt 00:00:10]} 9. dxe5
{[%clk 01:15:01]} {[%emt 00:00:06]} Ne7 {[%clk 01:32:28]} {[%emt 00:00:53]} 10.
g3 {[%clk 00:56:26]} {[%emt 00:19:06]} e3 {[%clk 01:29:02]} {[%emt 00:03:55]}
11. f3 {[%clk 00:55:38]} {[%emt 00:01:19]} Be6 {[%clk 01:23:17]} {[%emt
00:06:14]} 12. Qxd5 {[%clk 00:52:17]} {[%emt 00:03:51]} Nxd5 {[%clk 01:23:23]}
{[%emt 00:00:24]} 13. Bc4 {[%clk 00:50:15]} {[%emt 00:02:33]} Nxc3 {[%clk
01:19:50]} {[%emt 00:04:03]} 14. Bxe6 {[%clk 00:50:37]} {[%emt 00:00:08]} fxe6
{[%clk 01:20:12]} {[%emt 00:00:07]} 15. bxc3 {[%clk 00:50:56]} {[%emt
00:00:11]} O-O-O {[%clk 01:20:28]} {[%emt 00:00:14]} 16. Ke2 {[%clk 00:49:53]}
{[%emt 00:01:33]} Rd2+ {[%clk 01:20:47]} {[%emt 00:00:11]} 17. Kxe3 {[%clk
00:50:16]} {[%emt 00:00:08]} Rxc2 {[%clk 01:21:06]} {[%emt 00:00:11]} 18. Rac1
{[%clk 00:49:02]} {[%emt 00:01:44]} Rxa2 {[%clk 01:19:35]} {[%emt 00:02:01]}
19. Ra1 {[%clk 00:49:15]} {[%emt 00:00:16]} Rxa1 {[%clk 01:19:07]} {[%emt
00:00:58]} 20. Rxa1 {[%clk 00:49:40]} {[%emt 00:00:05]} a6 {[%clk 01:19:22]}
{[%emt 00:00:15]} 21. Ra4 {[%clk 00:48:01]} {[%emt 00:02:09]} Rf8 {[%clk
01:15:04]} {[%emt 00:04:48]} 22. Rh4 {[%clk 00:47:15]} {[%emt 00:01:17]} h6
{[%clk 01:14:52]} {[%emt 00:00:42]} 23. Rg4 {[%clk 00:46:27]} {[%emt 00:01:18]}
Rf7 {[%clk 01:14:51]} {[%emt 00:00:30]} 24. h4 {[%clk 00:40:25]} {[%emt
00:06:32]} Kd7 {[%clk 01:06:33]} {[%emt 00:08:47]} 25. Rd4+ {[%clk 00:39:35]}
{[%emt 00:01:21]} Ke8 {[%clk 00:59:26]} {[%emt 00:07:37]} 26. Rb4 {[%clk
00:34:18]} {[%emt 00:05:47]} b6 {[%clk 00:59:06]} {[%emt 00:00:50]} 27. Rc4
{[%clk 00:31:04]} {[%emt 00:03:44]} a5 {[%clk 00:55:19]} {[%emt 00:04:17]} 28.
Ke4 {[%clk 00:28:28]} {[%emt 00:03:06]} Kd7 {[%clk 00:35:06]} {[%emt 00:20:41]}
29. f4 {[%clk 00:27:10]} {[%emt 00:01:49]} h5 {[%clk 00:26:01]} {[%emt
00:09:34]} 30. Rd4+ {[%clk 00:23:53]} {[%emt 00:03:48]} Kc8 {[%clk 00:26:16]}
{[%emt 00:00:14]} 31. Rc4 {[%clk 00:23:10]} {[%emt 00:01:14]} c5 {[%clk
00:26:03]} {[%emt 00:00:43]} 32. Ra4 {[%clk 00:22:56]} {[%emt 00:00:44]} Kb7
{[%clk 00:24:55]} {[%emt 00:01:39]} 33. Ra1 {[%clk 00:23:06]} {[%emt 00:00:20]}
Kc6 {[%clk 00:21:58]} {[%emt 00:03:28]} 34. Rd1 {[%clk 00:20:57]} {[%emt
00:02:39]} Rd7 {[%clk 00:22:02]} {[%emt 00:00:26]} 35. Rg1 {[%clk 00:19:07]}
{[%emt 00:02:20]} a4 {[%clk 00:16:56]} {[%emt 00:05:35]} 36. f5 {[%clk
00:18:17]} {[%emt 00:01:20]} exf5+ {[%clk 00:16:46]} {[%emt 00:00:40]} 37. Kxf5
{[%emt 00:00:06]} a3 {[%clk 00:16:55]} {[%emt 00:00:20]} 38. e6 {[%clk
00:14:07]} {[%emt 00:05:05]} Ra7 {[%clk 00:15:16]} {[%emt 00:02:09]} 39. c4
{[%clk 00:11:07]} {[%emt 00:03:31]} a2 {[%clk 00:11:25]} {[%emt 00:04:20]} 40.
Ra1 {[%clk 00:11:30]} {[%emt 00:00:07]} Kd6 {[%clk 00:06:14]} {[%emt 00:05:41]}
41. Rd1+ {[%clk 00:11:16]} {[%emt 00:00:44]} Ke7 {[%clk 00:06:37]} {[%emt
00:00:07]} 42. Ra1 {[%clk 00:11:37]} {[%emt 00:00:09]} Ra3 {[%clk 00:07:01]}
{[%emt 00:00:06]} 43. Ke5 {[%clk 00:11:28]} {[%emt 00:00:39]} g6 {[%clk
00:26:01]} {[%emt 00:11:30]} 44. Kd5 {[%clk 00:40:46]} {[%emt 00:01:12]} Ra4
{[%clk 00:23:20]} {[%emt 00:03:08]} 45. Ke5 {[%clk 00:40:51]} {[%emt 00:00:28]}
Ra5 {[%clk 00:21:22]} {[%emt 00:02:28]} 46. Kd5 {[%clk 00:40:24]} {[%emt
00:00:57]} Ra3 {[%clk 00:21:47]} {[%emt 00:00:05]} 47. Ke5 {[%clk 00:40:39]}
{[%emt 00:00:16]} Rxg3 {[%clk 00:21:28]} {[%emt 00:00:49]} 48. Rxa2 {[%clk
00:40:27]} {[%emt 00:00:42]} Re3+ {[%clk 00:21:49]} {[%emt 00:00:07]} 49. Kf4
{[%clk 00:34:46]} {[%emt 00:06:11]} Rxe6 {[%clk 00:21:18]} {[%emt 00:01:01]}
50. Ra7+ {[%clk 00:33:54]} {[%emt 00:01:22]} Kd6 {[%clk 00:21:18]} {[%emt
00:00:28]} 51. Rg7 {[%clk 00:33:49]} {[%emt 00:00:36]} Kc6 {[%clk 00:17:44]}
{[%emt 00:04:03]} 52. Ra7 {[%clk 00:33:32]} {[%emt 00:00:48]} Rd6 {[%clk
00:17:35]} {[%emt 00:00:39]} 53. Ra4 {[%clk 00:31:49]} {[%emt 00:02:12]} Rd4+
{[%clk 00:15:27]} {[%emt 00:02:36]} 54. Kg5 {[%clk 00:32:17]} {[%emt 00:00:05]}
Rg4+ {[%clk 00:15:45]} {[%emt 00:00:12]} 0-1

[Event "ODJM B 2025"]
[Site "Willingen GER"]
[Date "2025.06.11"]
[Round "6"]
[White "Negru, Maximilian"]
[Black "Kandora, Max"]
[Result "1/2-1/2"]
[Termination "normal"]
[Board "4"]
[WhiteElo "1694"]
[BlackElo "1878"]
[WhiteClock "00:17:00"]
[BlackClock "01:21:28"]
[PlyCount "97"]
[WhiteFideId "16298136"]
[BlackFideId "34684239"]
[EventCountry "GER"]
[EventRounds "9"]
[EventType "swiss"]
[EventDate "2025.06.07"]

1. e4 {[%clk 01:30:59]} e5 {[%clk 01:30:50]} {[%emt 00:00:11]} 2. d4 {[%clk
01:31:24]} {[%emt 00:00:04]} exd4 {[%clk 01:31:16]} {[%emt 00:00:04]} 3. Nf3
{[%clk 01:31:51]} {[%emt 00:00:03]} Nc6 {[%clk 01:31:37]} {[%emt 00:00:10]} 4.
Bc4 {[%clk 01:32:15]} {[%emt 00:00:06]} Nf6 {[%clk 01:32:03]} {[%emt 00:00:03]}
5. e5 {[%clk 01:31:56]} {[%emt 00:00:49]} d5 {[%clk 01:32:29]} {[%emt
00:00:04]} 6. Bb5 {[%clk 01:27:03]} {[%emt 00:05:23]} Ne4 {[%clk 01:32:52]}
{[%emt 00:00:07]} 7. Nxd4 {[%clk 01:26:16]} {[%emt 00:01:15]} Bd7 {[%clk
01:33:18]} {[%emt 00:00:05]} 8. O-O {[%clk 01:24:17]} {[%emt 00:02:29]} Bc5
{[%clk 01:30:51]} {[%emt 00:02:57]} 9. Nb3 {[%clk 01:18:24]} {[%emt 00:06:23]}
Bb6 {[%clk 01:29:19]} {[%emt 00:02:02]} 10. Qxd5 {[%clk 01:08:09]} {[%emt
00:10:46]} Nxf2 {[%clk 01:28:50]} {[%emt 00:00:59]} 11. Nc5 {[%clk 01:01:41]}
{[%emt 00:06:58]} Bxc5 {[%clk 01:27:02]} {[%emt 00:02:18]} 12. Qxc5 {[%clk
01:01:35]} {[%emt 00:00:36]} Ng4 {[%clk 01:27:25]} {[%emt 00:00:06]} 13. e6
{[%clk 00:54:25]} {[%emt 00:07:40]} Bxe6 {[%clk 01:24:33]} {[%emt 00:03:23]}
14. Bxc6+ {[%clk 00:52:54]} {[%emt 00:02:01]} bxc6 {[%clk 01:24:58]} {[%emt
00:00:04]} 15. Qxc6+ {[%clk 00:53:46]} {[%emt 00:00:08]} Kf8 {[%clk 01:25:54]}
{[%emt 00:00:04]} 16. Qc5+ {[%clk 00:36:05]} {[%emt 00:18:11]} Qd6 {[%clk
01:23:07]} {[%emt 00:03:17]} 17. Qxd6+ {[%clk 00:35:40]} {[%emt 00:00:55]} cxd6
{[%clk 01:23:32]} {[%emt 00:00:06]} 18. Bf4 {[%clk 00:33:44]} {[%emt 00:02:25]}
Ke7 {[%clk 01:22:41]} {[%emt 00:01:22]} 19. Nc3 {[%clk 00:33:30]} {[%emt
00:00:44]} Rab8 {[%clk 01:22:02]} {[%emt 00:01:09]} 20. b3 {[%clk 00:28:59]}
{[%emt 00:05:01]} Rhc8 {[%clk 01:21:49]} {[%emt 00:00:42]} 21. Ne4 {[%clk
00:28:35]} {[%emt 00:00:54]} Ne5 {[%clk 01:21:16]} {[%emt 00:01:03]} 22. Nxd6
{[%clk 00:26:16]} {[%emt 00:02:49]} Kxd6 {[%clk 01:18:13]} {[%emt 00:03:33]}
23. Rad1+ {[%clk 00:26:13]} {[%emt 00:00:33]} Ke7 {[%clk 01:18:37]} {[%emt
00:00:06]} 24. Bxe5 {[%clk 00:26:24]} {[%emt 00:00:18]} Ra8 {[%clk 01:18:40]}
{[%emt 00:00:27]} 25. c4 {[%clk 00:23:13]} {[%emt 00:03:41]} f6 {[%clk
01:19:04]} {[%emt 00:00:07]} 26. Bd6+ {[%clk 00:22:14]} {[%emt 00:01:28]} Kf7
{[%clk 01:19:28]} {[%emt 00:00:06]} 27. Rfe1 {[%clk 00:21:24]} {[%emt
00:01:21]} a5 {[%clk 01:17:44]} {[%emt 00:02:14]} 28. Rd3 {[%clk 00:19:37]}
{[%emt 00:02:16]} a4 {[%clk 01:17:03]} {[%emt 00:01:11]} 29. Rde3 {[%clk
00:18:40]} {[%emt 00:01:27]} Re8 {[%clk 01:14:26]} {[%emt 00:03:08]} 30. c5
{[%clk 00:17:24]} {[%emt 00:01:45]} axb3 {[%clk 01:14:48]} {[%emt 00:00:08]}
31. axb3 {[%clk 00:17:42]} {[%emt 00:00:11]} Bxb3 {[%clk 01:15:10]} {[%emt
00:00:08]} 32. Re7+ {[%clk 00:17:37]} {[%emt 00:00:36]} Rxe7 {[%clk 01:15:36]}
{[%emt 00:00:05]} 33. Rxe7+ {[%clk 00:18:04]} {[%emt 00:00:03]} Kg6 {[%clk
01:16:00]} {[%emt 00:00:06]} 34. c6 {[%clk 00:17:25]} {[%emt 00:01:09]} Ra1+
{[%clk 01:09:27]} {[%emt 00:07:02]} 35. Kf2 {[%clk 00:17:46]} {[%emt 00:00:08]}
Rc1 {[%clk 01:09:53]} {[%emt 00:00:04]} 36. c7 {[%clk 00:17:12]} {[%emt
00:01:05]} Bd5 {[%clk 01:09:00]} {[%emt 00:01:23]} 37. g4 {[%clk 00:13:47]}
{[%emt 00:03:55]} Bb7 {[%clk 01:05:59]} {[%emt 00:03:30]} 38. Re8 {[%clk
00:04:58]} {[%emt 00:09:19]} Kg5 {[%clk 01:02:50]} {[%emt 00:03:38]} 39. h3
{[%clk 00:02:11]} {[%emt 00:03:18]} Kh4 {[%clk 00:59:43]} {[%emt 00:03:37]} 40.
Re3 {[%clk 00:00:42]} {[%emt 00:02:00]} Rc2+ {[%clk 00:59:43]} {[%emt
00:00:30]} 41. Ke1 {[%clk 00:30:15]} {[%emt 00:00:56]} h5 {[%clk 01:21:13]}
{[%emt 00:09:01]} 42. gxh5 {[%clk 00:20:42]} {[%emt 00:10:04]} Kxh5 {[%clk
01:21:32]} {[%emt 00:00:11]} 43. Kd1 {[%clk 00:21:03]} {[%emt 00:00:07]} Rc4
{[%clk 01:21:42]} {[%emt 00:00:21]} 44. Ke2 {[%clk 00:19:33]} {[%emt 00:02:00]}
Rc6 {[%clk 01:20:36]} {[%emt 00:01:36]} 45. Bg3 {[%clk 00:19:33]} {[%emt
00:00:30]} Bc8 {[%clk 01:20:43]} {[%emt 00:00:24]} 46. h4 {[%clk 00:19:10]}
{[%emt 00:00:53]} Re6 {[%clk 01:20:59]} {[%emt 00:00:13]} 47. Rxe6 {[%clk
00:17:21]} {[%emt 00:02:20]} Bxe6 {[%clk 01:21:24]} {[%emt 00:00:05]} 48. Kf3
{[%clk 00:17:46]} {[%emt 00:00:05]} Bc8 {[%clk 01:21:28]} {[%emt 00:00:26]} 49.
Bf2 {[%clk 00:17:00]} {[%emt 00:01:17]} 1/2-1/2

[Event "ODJM B 2025"]
[Site "Willingen GER"]
[Date "2025.06.11"]
[Round "6"]
[White "Hofmann, Diego"]
[Black "Fischermann, Simon"]
[Result "0-1"]
[Termination "normal"]
[Board "5"]
[WhiteElo "1796"]
[BlackElo "1847"]
[WhiteClock "00:00:47"]
[BlackClock "01:29:16"]
[PlyCount "98"]
[WhiteFideId "16269020"]
[BlackFideId "34620869"]
[EventCountry "GER"]
[EventRounds "9"]
[EventType "swiss"]
[EventDate "2025.06.07"]

1. e4 {[%clk 01:30:57]} {[%emt 00:00:02]} e5 {[%clk 01:30:58]} {[%emt
00:00:02]} 2. Nf3 {[%clk 01:31:22]} {[%emt 00:00:05]} Nc6 {[%clk 01:31:19]}
{[%emt 00:00:09]} 3. Bc4 {[%clk 01:31:50]} {[%emt 00:00:03]} Nf6 {[%clk
01:31:42]} {[%emt 00:00:06]} 4. Ng5 {[%clk 01:32:16]} {[%emt 00:00:04]} d5
{[%clk 01:32:05]} {[%emt 00:00:08]} 5. exd5 {[%clk 01:32:41]} {[%emt 00:00:05]}
b5 {[%clk 01:32:29]} {[%emt 00:00:05]} 6. Bf1 {[%clk 01:32:56]} {[%emt
00:00:16]} Nd4 {[%clk 01:32:52]} {[%emt 00:00:06]} 7. c3 {[%clk 01:33:10]}
{[%emt 00:00:16]} Nxd5 {[%clk 01:33:16]} {[%emt 00:00:07]} 8. cxd4 {[%clk
01:33:31]} {[%emt 00:00:09]} Qxg5 {[%clk 01:33:37]} {[%emt 00:00:09]} 9. Bxb5+
{[%clk 01:33:50]} {[%emt 00:00:11]} Kd8 {[%clk 01:34:04]} {[%emt 00:00:02]} 10.
O-O {[%clk 01:34:04]} {[%emt 00:00:16]} Bb7 {[%clk 01:34:26]} {[%emt 00:00:08]}
11. Qf3 {[%clk 01:32:15]} {[%emt 00:02:19]} Rb8 {[%clk 01:34:55]} {[%emt
00:00:01]} 12. dxe5 {[%clk 01:24:25]} {[%emt 00:08:21]} Ne3 {[%clk 01:35:02]}
{[%emt 00:00:23]} 13. Qh3 {[%clk 01:24:40]} {[%emt 00:00:15]} Qxg2+ {[%clk
01:35:20]} {[%emt 00:00:12]} 14. Qxg2 {[%clk 01:25:05]} {[%emt 00:00:05]} Nxg2
{[%clk 01:35:47]} {[%emt 00:00:03]} 15. d4 {[%clk 01:24:44]} {[%emt 00:00:50]}
Be7 {[%clk 01:36:09]} {[%emt 00:00:07]} 16. Be2 {[%clk 01:24:26]} {[%emt
00:00:49]} Nh4 {[%clk 01:36:15]} {[%emt 00:00:23]} 17. Nd2 {[%clk 01:24:22]}
{[%emt 00:00:35]} Bd5 {[%clk 01:35:53]} {[%emt 00:00:51]} 18. Nc4 {[%clk
01:13:50]} {[%emt 00:11:04]} Nf3+ {[%clk 01:33:39]} {[%emt 00:02:43]} 19. Bxf3
{[%clk 01:13:53]} {[%emt 00:00:27]} Bxf3 {[%emt 00:00:23]} 20. Nd2 {[%clk
01:14:05]} Bd5 {[%clk 01:34:26]} {[%emt 00:00:09]} 21. f4 {[%clk 01:11:17]}
{[%emt 00:03:18]} h5 {[%clk 01:32:17]} {[%emt 00:02:39]} 22. Nf3 {[%clk
01:04:35]} {[%emt 00:07:12]} h4 {[%clk 01:30:19]} {[%emt 00:02:27]} 23. b3
{[%clk 01:01:55]} {[%emt 00:03:11]} h3 {[%clk 01:26:50]} {[%emt 00:03:58]} 24.
Kf2 {[%clk 00:59:33]} {[%emt 00:02:52]} Rb6 {[%clk 01:23:09]} {[%emt 00:04:12]}
25. Bb2 {[%clk 00:58:53]} {[%emt 00:01:09]} Rhh6 {[%clk 01:15:13]} {[%emt
00:08:26]} 26. Rg1 {[%clk 00:54:18]} {[%emt 00:05:06]} Rbc6 {[%clk 01:14:53]}
{[%emt 00:00:50]} 27. Rac1 {[%clk 00:52:35]} {[%emt 00:02:13]} Ra6 {[%clk
01:14:57]} {[%emt 00:00:26]} 28. Ra1 {[%clk 00:52:43]} {[%emt 00:00:21]} Rac6
{[%clk 01:13:42]} {[%emt 00:01:45]} 29. Rac1 {[%clk 00:52:50]} {[%emt
00:00:24]} Ra6 {[%clk 01:14:05]} {[%emt 00:00:07]} 30. Ra1 {[%clk 00:52:54]}
{[%emt 00:00:26]} Rhc6 {[%clk 01:14:01]} {[%emt 00:00:34]} 31. Rge1 {[%clk
00:42:00]} {[%emt 00:11:24]} Rc2+ {[%clk 01:08:01]} {[%emt 00:06:30]} 32. Re2
{[%clk 00:42:16]} {[%emt 00:00:15]} Rg6 {[%clk 01:07:57]} {[%emt 00:00:32]} 33.
Ng5 {[%clk 00:32:46]} {[%emt 00:10:00]} Rxe2+ {[%clk 01:07:43]} {[%emt
00:00:44]} 34. Kxe2 {[%clk 00:33:01]} {[%emt 00:00:15]} Bxg5 {[%clk 01:08:08]}
{[%emt 00:00:06]} 35. fxg5 {[%clk 00:33:08]} {[%emt 00:00:23]} Rxg5 {[%clk
01:08:25]} {[%emt 00:00:13]} 36. Rf1 {[%clk 00:33:07]} {[%emt 00:00:30]} Ke7
{[%clk 01:06:19]} {[%emt 00:02:35]} 37. Bc1 {[%clk 00:31:33]} {[%emt 00:02:05]}
Rg6 {[%clk 01:06:16]} {[%emt 00:00:32]} 38. Bf4 {[%clk 00:30:47]} {[%emt
00:01:17]} Ra6 {[%clk 01:05:45]} {[%emt 00:01:02]} 39. Ra1 {[%clk 00:22:52]}
{[%emt 00:08:25]} Bxb3 {[%clk 01:04:20]} {[%emt 00:01:54]} 40. a3 {[%clk
00:22:16]} {[%emt 00:01:07]} Ke6 {[%clk 01:03:34]} {[%emt 00:01:15]} 41. Kf3
{[%clk 00:21:35]} {[%emt 00:01:11]} Bd5+ {[%clk 01:03:28]} {[%emt 00:00:36]}
42. Kg4 {[%clk 00:20:25]} {[%emt 00:01:40]} Bg2 {[%clk 01:03:26]} {[%emt
00:00:32]} 43. Bd2 {[%clk 00:15:50]} {[%emt 00:05:05]} Kd5 {[%clk 01:02:02]}
{[%emt 00:01:54]} 44. Be3 {[%clk 00:12:45]} {[%emt 00:03:36]} Ke4 {[%clk
01:00:05]} {[%emt 00:02:27]} 45. Re1 {[%clk 00:06:51]} {[%emt 00:06:23]} Rg6
{[%clk 00:58:07]} {[%emt 00:02:28]} 46. Kh4 {[%clk 00:04:55]} {[%emt 00:02:26]}
Kf5 {[%clk 00:58:13]} {[%emt 00:00:24]} 47. Rc1 {[%clk 00:03:09]} {[%emt
00:02:17]} Rg4+ {[%clk 00:58:28]} {[%emt 00:00:14]} 48. Kh5 {[%clk 00:02:43]}
{[%emt 00:00:56]} Bf3 {[%clk 00:58:55]} {[%emt 00:00:03]} 49. Rf1 {[%clk
00:00:47]} {[%emt 00:02:26]} Rf4 {[%clk 01:29:16]} {[%emt 00:00:43]} 0-1

[Event "ODJM B 2025"]
[Site "Willingen GER"]
[Date "2025.06.11"]
[Round "6"]
[White "Reuß, Till-Christopher"]
[Black "John, Linnea"]
[Result "1-0"]
[Termination "normal"]
[Board "6"]
[WhiteElo "1845"]
[BlackElo "1631"]
[WhiteClock "00:36:22"]
[BlackClock "00:25:13"]
[PlyCount "85"]
[WhiteFideId "533011524"]
[BlackFideId "34623680"]
[EventCountry "GER"]
[EventRounds "9"]
[EventType "swiss"]
[EventDate "2025.06.07"]

1. e4 {[%clk 01:30:59]} {[%emt 00:00:01]} c5 {[%clk 01:30:48]} {[%emt
00:00:12]} 2. b3 {[%clk 01:30:45]} {[%emt 00:00:45]} Nc6 {[%clk 01:30:41]}
{[%emt 00:00:36]} 3. Bb2 {[%clk 01:31:10]} {[%emt 00:00:05]} e6 {[%clk
01:30:27]} {[%emt 00:00:45]} 4. Bb5 {[%clk 01:28:31]} {[%emt 00:03:08]} Nf6
{[%clk 01:29:32]} {[%emt 00:01:25]} 5. d3 {[%clk 01:27:20]} {[%emt 00:01:41]}
Qa5+ {[%clk 01:26:47]} {[%emt 00:03:15]} 6. Nc3 {[%clk 01:24:42]} {[%emt
00:03:08]} Nd4 {[%clk 01:25:13]} {[%emt 00:02:04]} 7. a4 {[%clk 01:23:10]}
{[%emt 00:02:02]} a6 {[%clk 01:24:48]} {[%emt 00:00:55]} 8. Qd2 {[%clk
01:16:40]} {[%emt 00:07:00]} Qc7 {[%clk 01:06:55]} {[%emt 00:18:23]} 9. Bc4
{[%clk 01:15:32]} {[%emt 00:01:37]} d5 {[%clk 01:06:40]} {[%emt 00:00:46]} 10.
exd5 {[%clk 01:14:09]} {[%emt 00:01:53]} Qe5+ {[%clk 01:06:36]} {[%emt
00:00:34]} 11. Kf1 {[%clk 01:12:08]} {[%emt 00:02:27]} Qf5 {[%clk 00:56:16]}
{[%emt 00:10:54]} 12. dxe6 {[%clk 01:09:47]} {[%emt 00:02:51]} fxe6 {[%clk
00:56:40]} {[%emt 00:00:06]} 13. Nge2 {[%clk 01:04:22]} {[%emt 00:05:54]} Nc6
{[%clk 00:51:05]} {[%emt 00:06:06]} 14. Ng3 {[%clk 01:02:37]} {[%emt 00:02:14]}
Qg4 {[%clk 00:48:51]} {[%emt 00:02:42]} 15. Re1 {[%clk 00:58:46]} {[%emt
00:04:23]} Nd4 {[%clk 00:44:20]} {[%emt 00:05:02]} 16. Nce4 {[%clk 00:55:52]}
{[%emt 00:03:23]} Be7 {[%clk 00:38:26]} {[%emt 00:06:25]} 17. b4 {[%clk
00:46:16]} {[%emt 00:10:06]} O-O {[%clk 00:30:27]} {[%emt 00:08:29]} 18. bxc5
{[%clk 00:43:45]} {[%emt 00:03:00]} Nf5 {[%clk 00:28:11]} {[%emt 00:02:46]} 19.
Qe2 {[%clk 00:40:24]} {[%emt 00:03:51]} Nxg3+ {[%clk 00:25:05]} {[%emt
00:03:37]} 20. hxg3 {[%clk 00:37:58]} {[%emt 00:02:56]} Qf5 {[%clk 00:24:32]}
{[%emt 00:01:03]} 21. Bxf6 {[%clk 00:33:05]} {[%emt 00:05:23]} Bxf6 {[%clk
00:24:41]} {[%emt 00:00:20]} 22. Nd6 {[%clk 00:31:51]} {[%emt 00:01:44]} Qxc5
{[%clk 00:22:23]} {[%emt 00:02:49]} 23. Bxe6+ {[%clk 00:31:53]} {[%emt
00:00:27]} Bxe6 {[%clk 00:22:22]} {[%emt 00:00:32]} 24. Qxe6+ {[%clk 00:32:16]}
{[%emt 00:00:07]} Kh8 {[%clk 00:22:11]} {[%emt 00:00:40]} 25. Nf7+ {[%clk
00:32:39]} {[%emt 00:00:08]} Rxf7 {[%clk 00:22:04]} {[%emt 00:00:36]} 26. Qxf7
{[%clk 00:32:39]} {[%emt 00:00:30]} Rf8 {[%clk 00:21:10]} {[%emt 00:01:24]} 27.
Re8 {[%clk 00:33:00]} {[%emt 00:00:09]} Be7 {[%clk 00:21:25]} {[%emt 00:00:15]}
28. Rxf8+ {[%clk 00:32:43]} {[%emt 00:00:48]} Bxf8 {[%clk 00:21:44]} {[%emt
00:00:10]} 29. Qh5 {[%clk 00:32:52]} {[%emt 00:00:20]} h6 {[%clk 00:21:32]}
{[%emt 00:00:43]} 30. Qxc5 {[%clk 00:33:13]} Bxc5 {[%clk 00:21:55]} {[%emt
00:00:17]} 31. Ke2 {[%clk 00:33:24]} {[%emt 00:00:18]} b5 {[%clk 00:21:46]}
{[%emt 00:00:40]} 32. axb5 {[%clk 00:33:14]} {[%emt 00:00:39]} axb5 {[%clk
00:22:12]} {[%emt 00:00:05]} 33. Rh5 {[%clk 00:33:37]} {[%emt 00:00:07]} Bd4
{[%clk 00:21:50]} {[%emt 00:00:51]} 34. Rxb5 {[%clk 00:33:58]} {[%emt
00:00:09]} Kg8 {[%clk 00:22:16]} {[%emt 00:00:05]} 35. Rb7 {[%clk 00:34:07]}
{[%emt 00:00:20]} Kf8 {[%clk 00:22:36]} {[%emt 00:00:10]} 36. f3 {[%clk
00:34:26]} {[%emt 00:00:12]} Ke8 {[%clk 00:23:01]} {[%emt 00:00:05]} 37. Kd2
{[%clk 00:34:42]} {[%emt 00:00:14]} Kd8 {[%clk 00:23:24]} {[%emt 00:00:07]} 38.
c3 {[%clk 00:35:05]} {[%emt 00:00:07]} Be5 {[%clk 00:23:47]} {[%emt 00:00:07]}
39. d4 {[%clk 00:35:12]} {[%emt 00:00:23]} Bf6 {[%clk 00:24:13]} {[%emt
00:00:03]} 40. Ke3 {[%clk 00:35:24]} {[%emt 00:00:19]} Kc8 {[%clk 00:24:39]}
{[%emt 00:00:03]} 41. Rf7 {[%clk 00:35:42]} {[%emt 00:00:11]} Kd8 {[%clk
00:24:57]} {[%emt 00:00:14]} 42. Rxf6 {[%clk 00:35:57]} {[%emt 00:00:14]} gxf6
{[%clk 00:25:13]} {[%emt 00:00:08]} 43. Kf4 {[%clk 00:36:22]} 1-0